00376nam a2200133Ia 4500008004100000082001300041100002400054245006300078250000700141260004500148300001400193500002500207650001000232230524s9999 xx 000 0 und d a624bCHA aMonojit Chakraborti 0aCivil Engineering Drawing (Including Architectural Aspect) a10 aKolkatabbhaktivendanta Book Trustc2013 a"1;390p," aQuantity Number: 40 aCivil